| 000 | 00437nam a2200181Ia 4500 | ||
|---|---|---|---|
| 003 | 0STCL | ||
| 008 | 150530s9999 xx 000 0 und d | ||
| 040 |
_aSTCL _cSTCL |
||
| 100 | _aBalakrishna Pillai, A. | ||
| 245 | _aNovel Prasthanangal | ||
| 250 | _a1 | ||
| 260 |
_bSahitya Pravarthaka Co Operative Society ; Kottaya _c1965 |
||
| 300 | _a0 | ||
| 546 | _aMalayalam | ||
| 942 |
_2ddc _cBK |
||
| 999 |
_c79730 _d79730 |
||
| 005 | 20220125171727.0 | ||